01033nam a2200169 i 450000100060000000300090000600500170001500700030003200800410003510000440007624500280012026000360014830000200018450505990020470000360080385200240083947760ES-MaACL20251015063057.0t|030522s1879 fr ||||1| fre d1 aBossuet, Jacques Bénigne, d1627-170410aOeuvres / cde Bossuet. aParis : bFirmin Didot, c1879. a4 v. ; c27 cm.8 aContiene: 1. Egloge de Bossuet: discours / par M. Saint Marc Girardin. De l'instruction de Mgr le Dauphin. Connaissance de Dieu et de soi-même. Traité du libre arbitre. Discours sur l'histoire universelle. Politique tirée des propes paroles de l'ecriture sainte. Défense de la tradition et des saints Pères -- 2. Oraisons funèbres. Sermons -- 3. Sermons. Panegyriques. Meditations sur l'evangelie -- 4. Histoire des variations des Eglises protestantes. Instruction pastorale sur les promesses de l'Eglise. Elévation áa Dieu sur les mystères. Pensées morales et chrétiennes0 aSaint-Marc Girardin,d1801-1873 aES-MaACLjF-4009-12